书目信息 |
| 题名: |
感动世界的188首经典歌曲
|
|
| 作者: | 霜刃 选编 | |
| 分册: | ||
| 出版信息: | 成都 四川出版集团 2005.01 |
|
| 页数: | 309页 | |
| 开本: | 25cm | |
| 丛书名: | ||
| 单 册: | ||
| 中图分类: | J652 | |
| 科图分类: | ||
| 主题词: | 歌曲--Ge Qu--世界--选集 | |
| 电子资源: | ||
| ISBN: | 7-5411-2292-0 | |
| 000 | 00744nam0 2200217 450 | |
| 001 | CAL 012005038635 | |
| 005 | 20060529161910.45 | |
| 010 | @a7-5411-2292-0@dCNY 26.00 | |
| 099 | @aCAL 012005038635 | |
| 100 | @a20050413d2005 em y0chiy0121 ea | |
| 101 | 0 | @achi |
| 102 | @aCN@b510000 | |
| 200 | 1 | @a感动世界的188首经典歌曲@AGan Dong Shi Jie De 188 Shou Jing Dian Ge Qu@f霜刃选编 |
| 210 | @a成都@c四川出版集团@c四川文艺出版社@d2005.01 | |
| 215 | @a309页@c图, 乐谱@d25cm | |
| 330 | @a 本书是以“感动”为主题选编的歌曲集,按洲、国别、字部、音序分类,汇集29个国家数百年来的188首经典歌曲。 | |
| 606 | 0 | @a歌曲@AGe Qu@y世界@j选集 |
| 690 | @aJ652@v4 | |
| 701 | 0 | @a霜刃@AShuang Ren@4选编 |
| 801 | 0 | @aCN@bCCNU@c20060529 |
| 905 | @a10447@dJ652@eS668 | |
| 感动世界的188首经典歌曲/霜刃选编.-成都:四川出版集团:四川文艺出版社,2005.01 |
| 309页:图, 乐谱;25cm |
| ISBN 7-5411-2292-0:CNY 26.00 |
| 本书是以“感动”为主题选编的歌曲集,按洲、国别、字部、音序分类,汇集29个国家数百年来的188首经典歌曲。 |
| ● |
| 相关链接 |
|
|
|
正题名:感动世界的188首经典歌曲
索取号:J652/S668
 
预约/预借
| 序号 | 登录号 | 条形码 | 馆藏地/架位号 | 状态 | 备注 |
| 1 | 603541 | 206035413 | 社科库309/309社科库 94排2列3层/ [索取号:J652/S668] | 在馆 | |
| 2 | 603542 | 206035422 | 社科库309/309社科库 94排2列3层/ [索取号:J652/S668] | 在馆 | |
| 3 | 603543 | 206035431 | 社科库309/309社科库 94排2列3层/ [索取号:J652/S668] | 在馆 |